| 000 | 00466nam a2200181Ia 4500 | ||
|---|---|---|---|
| 008 | 221030s9999 xx 000 0 und d | ||
| 020 | _a8120416104 | ||
| 041 | _aEnglish | ||
| 082 |
_a105.23 _bPar |
||
| 100 | _aU. Pareek | ||
| 245 | 0 |
_aDesigning & Managing Human Resource Systems _cby U. Pareek, T. V Rao |
|
| 250 | _a3rd | ||
| 260 |
_bOxford & IBH Publishing _aNew Delhi _c2003 |
||
| 300 | _a622 | ||
| 650 | _aBE Management | ||
| 700 | _aT. V Rao | ||
| 942 | _cBK | ||
| 999 |
_c2185 _d2185 |
||